[Event "EU-chT Seniors 65"]
[Site "Terme Catez"]
[Date "2024.05.10"]
[Round "4.1"]
[White "Vinke, Dietmar"]
[Black "Binham, Timothy F"]
[Result "1/2-1/2"]
[WhiteElo "2086"]
[BlackElo "2283"]
[PlyCount "69"]
[EventDate "2024.05.07"]
[EventType "team-swiss"]
[EventRounds "9"]
[EventCountry "SLO"]
[SourceTitle "CB20_2024"]
[SourceDate "2024.05.16"]
[SourceVersion "1"]
[SourceVersionDate "2024.05.16"]
[SourceQuality "1"]
[WhiteTeam "Finland 65 II"]
[BlackTeam "Finland 65"]
[WhiteTeamCountry "FIN"]
[BlackTeamCountry "FIN"]

1. d4 e6 2. Nf3 c5 3. e3 Nf6 4. Bd3 b6 5. Qe2 Bb7 6. Nbd2 Nc6 7. c3 d5 8. 0-0 Be7 9. dxc5 bxc5 10. e4 0-0 11. e5 Ne8 12. Re1 Nc7 13. Nf1 f6 14. exf6 Bxf6 15. Bf4 Rc8 16. Ne5 Nxe5 17. Bxe5 Bxe5 18. Qxe5 Qf6 19. Re2 Qxe5 20. Rxe5 Rf6 21. Rae1 a5 22. Ng3 g6 23. f3 Rb8 24. b3 Bc6 25. c4 a4 26. bxa4 Rb4 27. Rc1 Rxa4 28. cxd5 exd5 29. Rxc5 Rxa2 30. Re7 Na6 31. Bxa6 Rxa6 32. Ne2 Rf7 33. Rxf7 Kxf7 34. Nd4 Bd7 35. Rxd5 1/2-1/2

[Event "Schilcherland op 3rd"]
[Site "Deutschlandsberg"]
[Date "2020.01.02"]
[Round "7"]
[White "Janzelj, Tim"]
[Black "Vinke, Dietmar"]
[Result "1-0"]
[WhiteElo "2446"]
[BlackElo "2138"]
[PlyCount "87"]
[EventDate "2019.12.28"]
[EventType "swiss"]
[EventRounds "9"]
[EventCountry "AUT"]
[SourceTitle "CBM 194 Extra"]
[Source "ChessBase"]
[SourceDate "2020.03.31"]
[SourceVersion "1"]
[SourceVersionDate "2020.03.31"]
[SourceQuality "1"]

1. e4 c6 2. Nc3 d5 3. Nf3 g6 4. d4 Bg7 5. h3 dxe4 6. Nxe4 Bf5 7. Ng3 Nf6 8. Nxf5 Qa5+ 9. c3 Qxf5 10. Qb3 Qc8 11. Bc4 e6 12. 0-0 0-0 13. a4 b6 14. Re1 Nd5 15. Bf1 a5 16. Bd2 Nd7 17. c4 Nb4 18. Rad1 c5 19. d5 e5 20. h4 Re8 21. h5 Nf8 22. h6 Bh8 23. Ng5 f6 24. Ne4 Qd7 25. Be3 f5 26. Nxc5 bxc5 27. Bxc5 Rab8 28. Bxf8 Kxf8 29. c5 Qc7 30. Qc3 Rec8 31. d6 Qxc5 32. d7 Qxc3 33. bxc3 Rd8 34. cxb4 Rxb4 35. Bb5 Bf6 36. Rc1 e4 37. Rc8 Ke7 38. Rxd8 Kxd8 39. Rc1 Rxb5 40. axb5 Kxd7 41. b6 Be5 42. Rc5 Bf4 43. b7 a4 44. Rc8 1-0

[Event "Wch Seniors 65 28th"]
[Site "Bled"]
[Date "2018.11.19"]
[Round "2"]
[White "Vaisser, Anatoli"]
[Black "Vinke, Dietmar"]
[Result "1-0"]
[WhiteElo "2504"]
[BlackElo "2163"]
[PlyCount "131"]
[EventDate "2018.11.18"]
[EventType "swiss"]
[EventRounds "11"]
[EventCountry "SLO"]
[SourceTitle "CBM 187 Extra"]
[Source "ChessBase"]
[SourceDate "2018.11.04"]
[SourceVersion "1"]
[SourceVersionDate "2018.11.04"]
[SourceQuality "1"]

1. d4 Nf6 2. c4 g6 3. Nc3 Bg7 4. e4 d6 5. f4 0-0 6. Nf3 e5 7. dxe5 dxe5 8. Qxd8 Rxd8 9. Nxe5 Nxe4 10. Nxe4 f6 11. Nf3 Re8 12. Kf2 Rxe4 13. Bd3 Re8 14. f5 gxf5 15. Nh4 Nc6 16. Bxf5 Ne5 17. Bf4 Bxf5 18. Nxf5 Nd3+ 19. Kf3 Nxf4 20. Kxf4 Re2 21. Kf3 Rae8 22. Rad1 Bf8 23. Rd8 Rxd8 24. Kxe2 Kf7 25. Rf1 c6 26. Rf3 Re8+ 27. Re3 Rd8 28. Rb3 Rd7 29. Rd3 Rxd3 30. Kxd3 Kg6 31. Ke4 Kg5 32. h3 h5 33. Nd4 Be7 34. Ne6+ Kg6 35. b3 a6 36. c5 h4 37. Kf4 a5 38. Ke4 f5+ 39. Ke5 Bf6+ 40. Kd6 f4 41. Nxf4+ Kf5 42. Ne2 Be5+ 43. Kd7 Ke4 44. Ng1 Kd5 45. Nf3 Bf6 46. Kc7 Kxc5 47. Kxb7 Kb4 48. Kxc6 Ka3 49. Kb5 Kxa2 50. b4 axb4 51. Kxb4 Kb2 52. Kc4 Kc2 53. Kd5 Kd3 54. Ke6 Bd8 55. Kf5 Ke3 56. Kg4 Kf2 57. Nxh4 Bc7 58. Ng6 Kxg2 59. h4 Ba5 60. h5 Bd2 61. Nf4+ Kf2 62. h6 Bc3 63. Kf5 Bd2 64. h7 Bc3 65. Nd3+ Ke3 66. Ne5 1-0

[Event "Wch Seniors 65 28th"]
[Site "Bled"]
[Date "2018.11.18"]
[Round "1"]
[White "Vinke, Dietmar"]
[Black "Patola, Eero"]
[Result "1-0"]
[WhiteElo "2163"]
[BlackElo "1838"]
[PlyCount "101"]
[EventDate "2018.11.18"]
[EventType "swiss"]
[EventRounds "11"]
[EventCountry "SLO"]
[SourceTitle "CBM 187 Extra"]
[Source "ChessBase"]
[SourceDate "2018.11.04"]
[SourceVersion "1"]
[SourceVersionDate "2018.11.04"]
[SourceQuality "1"]

1. d4 c5 2. d5 Nf6 3. c4 b5 4. cxb5 a6 5. bxa6 g6 6. Nf3 Bxa6 7. Nc3 Bg7 8. g3 0-0 9. Bg2 d6 10. 0-0 Nbd7 11. h3 Rb8 12. Re1 Nb6 13. e4 Nfd7 14. Qc2 Nc4 15. Bf1 Ra8 16. Bxc4 Bxc4 17. b3 Ba6 18. Bb2 c4 19. b4 Qb8 20. a3 Nb6 21. Rad1 Bc8 22. Kg2 Bd7 23. Qd2 Qc8 24. Ng1 Na4 25. Nxa4 Rxa4 26. Bxg7 Kxg7 27. Rc1 f6 28. Re3 Qa6 29. Rcc3 Ra8 30. Qd4 Bb5 31. Nf3 Qb7 32. Nd2 Qa7 33. Qxa7 R8xa7 34. Nf3 Kf7 35. Nd4 Bd7 36. h4 e6 37. Rxc4 e5 38. Nc6 Ra8 39. Na5 Ra7 40. Rcc3 f5 41. f3 h6 42. Re1 Kf6 43. Kf2 g5 44. hxg5+ hxg5 45. Rh1 Be8 46. Rh6+ Bg6 47. exf5 Kxf5 48. Rc6 Rd7 49. Nc4 g4 50. Nb6 Kg5 51. Rxg6+ 1-0

[Event "EU-ch Seniors 65 18th"]
[Site "Drammen"]
[Date "2018.08.04"]
[Round "1"]
[White "Patola, Eero"]
[Black "Vinke, Dietmar"]
[Result "0-1"]
[WhiteElo "1856"]
[BlackElo "2166"]
[PlyCount "94"]
[EventDate "2018.08.04"]
[EventType "swiss"]
[EventRounds "9"]
[EventCountry "NOR"]
[SourceTitle "CBM 186 Extra"]
[Source "ChessBase"]
[SourceDate "2018.08.24"]
[SourceVersion "1"]
[SourceVersionDate "2018.08.24"]
[SourceQuality "1"]

1. c4 e5 2. Nc3 Nc6 3. g3 g6 4. Bg2 Bg7 5. e4 d6 6. Nge2 Be6 7. d3 Qd7 8. h3 f5 9. Nd5 fxe4 10. dxe4 Nd4 11. b3 c6 12. Nxd4 exd4 13. Nf4 Ne7 14. Rb1 0-0 15. 0-0 Rab8 16. Bb2 c5 17. Kh2 Kh8 18. Qe2 Rbe8 19. Ba1 Bg8 20. Rbe1 a6 21. Bf3 Nc6 22. Bg4 Qf7 23. h4 Ne5 24. Kg2 Bh6 25. Nh3 b5 26. cxb5 axb5 27. f4 Nxg4 28. Qxg4 Qb7 29. Qe2 Bg7 30. Kh2 Re7 31. h5 Rfe8 32. Ng5 gxh5 33. Qxh5 Bf6 34. e5 dxe5 35. fxe5 Bxg5 36. Qxg5 Rg7 37. Qh5 Re6 38. Rf6 Qa6 39. Rxe6 Qxe6 40. Rf1 Rg6 41. Qf5 Rh6+ 42. Kg1 Qd5 43. Kf2 Qa8 44. Qb1 Rh2+ 45. Ke1 Qg2 46. Qd3 Qxa2 47. Qd1 Qa5+ 0-1

[Event "EU-chT Seniors 65"]
[Site "Walbrzych"]
[Date "2018.04.22"]
[Round "9.3"]
[White "Ruotanen, Helge"]
[Black "Vinke, Dietmar"]
[Result "1/2-1/2"]
[WhiteElo "1921"]
[BlackElo "2170"]
[PlyCount "27"]
[EventDate "2018.04.14"]
[EventType "team-swiss"]
[EventRounds "9"]
[EventCountry "POL"]
[SourceTitle "CBM 184 Extra"]
[Source "ChessBase"]
[SourceDate "2018.06.28"]
[SourceVersion "1"]
[SourceVersionDate "2018.06.28"]
[SourceQuality "1"]
[WhiteTeam "Finland 65 II"]
[BlackTeam "Finland 65"]
[WhiteTeamCountry "FIN"]
[BlackTeamCountry "FIN"]

1. g3 d5 2. Bg2 c6 3. d3 e5 4. Nf3 Nd7 5. e4 dxe4 6. dxe4 Ngf6 7. 0-0 Bc5 8. Nc3 0-0 9. h3 b5 10. Qe2 a5 11. Rd1 Qc7 12. Nh4 Re8 13. g4 Nf8 14. Be3 1/2-1/2

[Event "EU-chT Seniors 65"]
[Site "Walbrzych"]
[Date "2018.04.15"]
[Round "2.3"]
[White "Tunik, Gennady"]
[Black "Vinke, Dietmar"]
[Result "1-0"]
[WhiteElo "2351"]
[BlackElo "2170"]
[PlyCount "121"]
[EventDate "2018.04.14"]
[EventType "team-swiss"]
[EventRounds "9"]
[EventCountry "POL"]
[SourceTitle "CBM 184 Extra"]
[Source "ChessBase"]
[SourceDate "2018.06.28"]
[SourceVersion "1"]
[SourceVersionDate "2018.06.28"]
[SourceQuality "1"]
[WhiteTeam "Russia 65"]
[BlackTeam "Finland 65"]
[WhiteTeamCountry "RUS"]
[BlackTeamCountry "FIN"]

1. d4 Nf6 2. c4 g6 3. Nc3 Bg7 4. e4 d6 5. Nf3 0-0 6. Be2 e5 7. Be3 Ng4 8. Bg5 f6 9. Bh4 g5 10. Bg3 Nh6 11. dxe5 fxe5 12. h3 Nd7 13. Qd2 Nf7 14. Nh2 Nc5 15. Bg4 Ne6 16. Nf1 Nf4 17. Ne3 h5 18. Bxc8 Rxc8 19. f3 h4 20. Bh2 a6 21. 0-0 Ne6 22. Kh1 Nd4 23. Ne2 c5 24. Nc3 b5 25. Ncd5 b4 26. Qd1 a5 27. a3 b3 28. Bg1 a4 29. Bf2 Rb8 30. Be1 Nh8 31. Bc3 Ng6 32. Bxd4 exd4 33. Nf5 Be5 34. f4 Nxf4 35. Nde7+ Kf7 36. Qg4 Rb7 37. Qxg5 Rxe7 38. Rxf4 Bxf4 39. Qxf4 Re6 40. Nxd4+ Rf6 41. Nf5 Rxf5 42. Qxf5+ Kg7 43. Qg4+ Kh7 44. e5 dxe5 45. Rd1 Qf6 46. Qd7+ Rf7 47. Qxa4 Qf2 48. Qe8 Qf6 49. Re1 Re7 50. Qh5+ Qh6 51. Qf3 e4 52. Rxe4 Qc1+ 53. Kh2 Rxe4 54. Qxe4+ Kg7 55. Qb7+ Kh6 56. Qxb3 Qe1 57. Qb6+ Kh7 58. Qxc5 Qg3+ 59. Kh1 Qe1+ 60. Qg1 Qe5 61. Qc1 1-0

[Event "FIN-chT2 Gp4 1718"]
[Site "Finland"]
[Date "2017.09.11"]
[Round "1.1"]
[White "Sassi, Matti"]
[Black "Vinke, Dietmar"]
[Result "0-1"]
[WhiteElo "1780"]
[BlackElo "2139"]
[PlyCount "50"]
[EventDate "2017.09.11"]
[EventType "team-tourn"]
[EventRounds "7"]
[EventCountry "FIN"]
[SourceTitle "EXT 2020"]
[Source "ChessBase"]
[SourceDate "2019.10.17"]
[SourceVersion "1"]
[SourceVersionDate "2019.10.17"]
[SourceQuality "1"]
[WhiteTeam "Oulu OSS II"]
[BlackTeam "Oulu OSS"]
[WhiteTeamCountry "FIN"]
[BlackTeamCountry "FIN"]

1. e4 c6 2. d4 d5 3. e5 Bf5 4. Nc3 e6 5. g4 Bg6 6. Nge2 f6 7. Nf4 Bf7 8. exf6 gxf6 9. Qe2 Qe7 10. Nd3 Nd7 11. h4 e5 12. dxe5 fxe5 13. Bg5 Ngf6 14. 0-0-0 h6 15. Bd2 0-0-0 16. Bh3 d4 17. Ne4 Nxe4 18. Qxe4 Bd5 19. Qf5 Bg7 20. Bb4 Qf6 21. Qxf6 Bxf6 22. g5 hxg5 23. Bd6 Bxh1 24. Rxh1 Rxh4 25. Nc5 g4 0-1

[Event "WchT Seniors 65"]
[Site "Radebeul"]
[Date "2016.06.26"]
[Round "1.2"]
[White "Vinke, Dietmar"]
[Black "Van de Wynkele, Herman"]
[Result "1-0"]
[WhiteElo "2134"]
[BlackElo "1985"]
[PlyCount "66"]
[EventDate "2016.06.26"]
[EventType "team-swiss"]
[EventRounds "9"]
[EventCountry "GER"]
[SourceTitle "CBM 173 Extra"]
[Source "ChessBase"]
[SourceDate "2016.08.29"]
[SourceVersion "1"]
[SourceVersionDate "2016.08.29"]
[SourceQuality "1"]
[WhiteTeam "Finland"]
[BlackTeam "Belgium II"]
[WhiteTeamCountry "FIN"]
[BlackTeamCountry "BEL"]

1. Nf3 Nf6 2. g3 g6 3. Bg2 Bg7 4. 0-0 c5 5. d3 d5 6. Nbd2 Nc6 7. e4 e5 8. Re1 0-0 9. c3 Kh8 10. exd5 Nxd5 11. Nc4 f6 12. d4 b5 13. Ncd2 exd4 14. cxd4 c4 15. a4 c3 16. Nb3 bxa4 17. Nc5 cxb2 18. Bxb2 Rb8 19. Ba3 Ncb4 20. Qxa4 a5 21. Qd1 Re8 22. Qd2 Bf5 23. Rac1 Rxe1+ 24. Nxe1 Qd6 25. Ne4 Bxe4 26. Bxe4 f5 27. Bg2 Qb6 28. Nf3 Nf6 29. Ne5 Ne4 30. Bxe4 fxe4 31. Nd7 Qd8 32. Nxb8 Qxb8 33. Rb1 Qd8 1-0

[Event "FIN-chT 1516"]
[Site "Finland"]
[Date "2015.11.08"]
[Round "6.6"]
[White "Ahvenjarvi, Jani"]
[Black "Vinke, Dietmar"]
[Result "1-0"]
[WhiteElo "2276"]
[BlackElo "2156"]
[PlyCount "71"]
[EventDate "2015.09.12"]
[EventType "team-tourn"]
[EventRounds "11"]
[EventCountry "FIN"]
[SourceTitle "EXT 2017"]
[Source "ChessBase"]
[SourceDate "2016.10.25"]
[SourceVersion "1"]
[SourceVersionDate "2016.10.25"]
[SourceQuality "1"]
[WhiteTeam "Tampere Tammer"]
[BlackTeam "Oulu OSS"]
[WhiteTeamCountry "FIN"]
[BlackTeamCountry "FIN"]

1. e4 c6 2. d4 d5 3. Nc3 g6 4. e5 Bg7 5. f4 h5 6. Nf3 Bg4 7. h3 Bxf3 8. Qxf3 e6 9. Bd3 h4 10. Be3 Ne7 11. 0-0 Nf5 12. Bf2 Nd7 13. Ne2 Bf8 14. b3 Be7 15. c4 Kf8 16. Rfc1 Kg7 17. Kh2 a5 18. Rab1 Ra7 19. Ng1 a4 20. Qe2 Nb8 21. c5 axb3 22. Rxb3 Nd7 23. Rcb1 Qa8 24. R1b2 Rb8 25. Nf3 b5 26. cxb6 Rab7 27. Bxf5 gxf5 28. Nxh4 Rxb6 29. Rg3+ Kf8 30. Qh5 Ke8 31. Rg7 Qa3 32. Qxf7+ Kd8 33. Rxb6 Nxb6 34. Ng6 Nc8 35. Bh4 Rb7 36. Rg8+ 1-0

[Event "FIN-chT 1516"]
[Site "Finland"]
[Date "2015.11.06"]
[Round "9.6"]
[White "Nivala, Tuomas"]
[Black "Vinke, Dietmar"]
[Result "1-0"]
[WhiteElo "2215"]
[BlackElo "2156"]
[PlyCount "105"]
[EventDate "2015.09.12"]
[EventType "team-tourn"]
[EventRounds "11"]
[EventCountry "FIN"]
[SourceTitle "EXT 2017"]
[Source "ChessBase"]
[SourceDate "2016.10.25"]
[SourceVersion "1"]
[SourceVersionDate "2016.10.25"]
[SourceQuality "1"]
[WhiteTeam "Jyvaskyla JyS"]
[BlackTeam "Oulu OSS"]
[WhiteTeamCountry "FIN"]
[BlackTeamCountry "FIN"]

1. e4 c6 2. c4 d5 3. cxd5 cxd5 4. exd5 Nf6 5. Qa4+ Nbd7 6. Nc3 g6 7. Bc4 Bg7 8. Nf3 0-0 9. d3 b6 10. 0-0 Nc5 11. Qc2 Bb7 12. d4 Na6 13. Qe2 Nc7 14. Bg5 Ncxd5 15. Rfe1 Nxc3 16. bxc3 Rc8 17. Ba6 Bxa6 18. Qxa6 Qc7 19. Rac1 e6 20. c4 Nd7 21. h3 Nb8 22. Qa3 Rfe8 23. Qe3 f6 24. Bf4 Qd7 25. Red1 Nc6 26. Qe4 Ne7 27. h4 h5 28. Qe1 Kf7 29. Qb4 Nf5 30. a4 Bf8 31. Qb3 Bd6 32. Ne5+ Bxe5 33. dxe5 Qc6 34. exf6 Nxh4 35. Qh3 Nf5 36. Be5 Rcd8 37. Re1 Nh6 38. Qh4 Rd3 39. Qf4 Ng8 40. Ra1 Red8 41. a5 R8d7 42. axb6 Qxb6 43. Reb1 Qc5 44. Rb5 Qc6 45. Rb8 Rd1+ 46. Rxd1 Rxd1+ 47. Kh2 Rd7 48. f3 a5 49. Qg5 a4 50. Rxg8 Kxg8 51. Qxg6+ Kf8 52. Bf4 Rf7 53. Bh6+ 1-0